Návrh prípravku určeného pre meranie teploty drôtu

Enregistré dans:
Détails bibliographiques
Auteur principal: Igaz, Roman (Auteur)
Autres auteurs: Matúšová, Miriam (Directeur de thèse)
Format: Manuscrit Livre
Langue:slovaque
Publié: 2017
Sujets:
Accès en ligne:http://is.stuba.sk/zp/portal_zp.pl?podrobnosti=127065
Tags: Ajouter un tag
Pas de tags, Soyez le premier à ajouter un tag!

MARC

LEADER 00000ntm a22000003a 4500
001 stuzp62502
003 SK-STU
005 20170624211612.5
007 ta
008 150427s2015----xo-----f-mn---000-0-slo-d
040 |a STU  |b slo 
041 0 |a slo 
100 1 |a Igaz, Roman  |u 063000  |4 aut  |U MTF Materiálovotechnologická fakulta  |T MTF Ústav výrobných technológií  |X 57687  |U M3000  |Y 83  |7 57687 
242 0 1 |a Design of a wire temperature measuring appliance  |y eng 
245 1 0 |a Návrh prípravku určeného pre meranie teploty drôtu 
260 |c 2017 
650 4 |a bezkontaktná meracia technika  |2 slo 
650 4 |a termokamera  |2 slo 
650 4 |a prípravok  |2 slo 
650 4 |a meranie teploty  |2 slo 
650 4 |a temperature measuring  |2 eng 
650 4 |a non-contact measuring technology  |2 eng 
650 4 |a thermo camera  |2 eng 
650 4 |a preparation  |2 eng 
700 1 |a Matúšová, Miriam  |u 063800  |k Z1  |4 ths  |U MTF Ústav výrobných technológií  |T MTF Katedra výrobných systémov, metrológie a montáže  |X 4309  |U M3800  |Y 660  |7 A000004309 
856 4 |u http://is.stuba.sk/zp/portal_zp.pl?podrobnosti=127065 
996 |c M* DP-13013  |l MMKN  |s P  |a 0  |w stuzp62502_0001